000 00411 a2200157 4500
001 186004
020 _a85-7244-056-4
040 _cMagnum
100 _aRodrigues, Arlete Moyses
240 1 0 _aRepensando a geografia: a geografia das lutas no campo
_lpor
245 1 0 _aRepensando a geografia: a geografia das lutas no campo
300 _a
362 0 _a2001
697 _aGEOGRAFIA DO BRASIL
942 _cBK
999 _c186004
_d186004